| 000 -LEADER | |
|---|---|
| fixed length control field | 00345nam a22001337a 4500 |
| 050 ## - LIBRARY OF CONGRESS CALL NUMBER | |
| Classification number | PE 1625 fun |
| 100 ## - MAIN ENTRY--AUTHOR NAME | |
| Personal name | Landau, Sidney I |
| 245 ## - TITLE STATEMENT | |
| Title | FUNK &Wagnalis standard encyclopedic dictionary |
| 250 ## - EDITION STATEMENT | |
| Edition statement | 7th ed. |
| 260 ## - PUBLICATION, DISTRIBUTION, ETC. (IMPRINT) | |
| Place of publication | Chicago |
| Name of publisher | I.G Ferguson Publishing Co |
| Year of publication | 1975 |
| 300 ## - PHYSICAL DESCRIPTION | |
| Number of Pages | xii,1138p.:illus |
| 942 ## - ADDED ENTRY ELEMENTS (KOHA) | |
| Koha item type | Books |
| 988 ## - PAGINATION/EXTENT | |
| PAGINATION/EXTENT | xii,1138p.:illus |
| Koha item type | Collection code | Shelving location | Accession Number | Permanent Location | Current Location | Date acquired | Full call number |
|---|---|---|---|---|---|---|---|
| Books | Reference | Reference | 0620 | Chapman Library | Chapman Library | 2016-08-04 | PE 1625 fun |

